More than one Decision (Record no. 607)

MARC details
000 -LEADER
fixed length control field 00340nam a22001337a 4500
003 - CONTROL NUMBER IDENTIFIER
control field OSt
005 - DATE AND TIME OF LATEST TRANSACTION
control field 20160727222403.0
008 - FIXED-LENGTH DATA ELEMENTS--GENERAL INFORMATION
fixed length control field 160623b xxu||||| |||| 00| 0 eng d
100 ## - MAIN ENTRY--PERSONAL NAME
9 (RLIN) 749
Personal name Tolliver, R, C,
245 ## - TITLE STATEMENT
Title More than one Decision
260 ## - PUBLICATION, DISTRIBUTION, ETC. (IMPRINT)
Place of publication, distribution, etc. Ten
Name of publisher, distributor, etc. More than one Decision
Date of publication, distribution, etc. 1981
300 ## - PHYSICAL DESCRIPTION
Extent More than one Decision
942 ## - ADDED ENTRY ELEMENTS (KOHA)
Source of classification or shelving scheme Dewey Decimal Classification
Koha item type BOOK
Holdings
Withdrawn status Lost status Source of classification or shelving scheme Damaged status Not for loan Home library Current library Shelving location Date acquired Total Checkouts Full call number Barcode Date last seen Price effective from Koha item type
    Dewey Decimal Classification     Good Samaritan School Library Good Samaritan School Library FICTION 06/23/2016   823 tol 1206 06/23/2016 06/23/2016 BOOK

Powered by Koha